Hot snow /

Bibliographic Details
Main Author: Holder, Laurence
Format: eBook
Language:English
Published: Alexandria, VA : Alexander Street Press, 2001.
Edition:[1st electronic ed.].
Series:Black drama.
Subjects:
Online Access:Connect to the full text of this electronic book

MARC

Tag First Indicator Second Indicator Subfields
LEADER 00000cam a22000003i 4500
001 in00002535821
005 20190327190303.0
006 m | d |
007 cr |n|---||||a
008 070531s2001 vau |s ||||||| ||eng|d
035 |a ASPPL0006770/bldr 
035 |a (VaAlASP)ASPPL0006770/bldr 
040 |a VaAlASP  |d UtOrBLW 
100 1 |a Holder, Laurence. 
245 1 0 |a Hot snow /  |c by Laurence Holder. 
250 |a [1st electronic ed.]. 
264 1 |a Alexandria, VA :  |b Alexander Street Press,  |c 2001. 
336 |a text  |b txt  |2 rdacontent 
337 |a computer  |b c  |2 rdamedia 
338 |a online resource  |b cr  |2 rdacarrier 
490 1 |a Black drama 
500 |a Title from HTML title page (viewed May 31, 2007). 
506 |a Access restricted to subscribers. 
538 |a Mode of access: World Wide Web. 
500 |a Electronic resource. 
655 0 |a Electronic books. 
655 0 |a American drama. 
830 0 |a Black drama. 
856 4 0 |u http://proxy.library.tamu.edu/login?url=http://www.aspresolver.com/aspresolver.asp?BLDR;PL006770  |z Connect to the full text of this electronic book  |t 0 
999 |a MARS 
999 f f |s 12e77ca2-fc1c-31e9-a8f0-6fedf37917bc  |i 0f44afff-bad6-3f18-8503-bb84d479354a  |t 0 
952 f f |a Texas A&M University  |b College Station  |c Electronic Resources  |d Available Online  |t 0  |h No information provided 
998 f f |t 0  |l Available Online